Swamy's manual on office procedure (Record no. 4572)

MARC details
000 -LEADER
fixed length control field 00479 a2200181 4500
000 - LEADER
fixed length control field BKB
001 - CONTROL NUMBER
control field 071224
005 - DATE AND TIME OF LATEST TRANSACTION
control field 20200902150942.0
008 - FIXED-LENGTH DATA ELEMENTS--GENERAL INFORMATION
fixed length control field
082 ## - DEWEY DECIMAL CLASSIFICATION NUMBER
Classification number 340.068
Item number M98S
100 1# - MAIN ENTRY--PERSONAL NAME
Personal name Muthuswamy
245 1# - TITLE STATEMENT
Title Swamy's manual on office procedure
Statement of responsibility, etc by Muthuswamy and Brinda
250 ## - EDITION STATEMENT
Edition statement 11th ed.
260 ## - PUBLICATION, DISTRIBUTION, ETC. (IMPRINT)
Place of publication, distribution, etc Chennai
Name of publisher, distributor, etc Swamy Pub.
Date of publication, distribution, etc 2010
300 ## - PHYSICAL DESCRIPTION
Extent 399p.
690 ## - LOCAL SUBJECT ADDED ENTRY--TOPICAL TERM (OCLC, RLIN)
Topical term or geographic name as entry element Swamy; General Reference;
700 ## - ADDED ENTRY--PERSONAL NAME
Personal name Brinda
Numeration
Titles and other words associated with a name
Holdings
Withdrawn status Lost status Damaged status Not for loan Home library Current library Date acquired Cost, normal purchase price Total Checkouts Full call number Barcode Date last seen Date checked out Price effective from Koha item type Checked out
        Central University Of Rajasthan Central University Of Rajasthan 07/03/2012 310.00 4 340.068 M98S 5513 14/08/2025 21/11/2024 02/09/2020 Books  
        Central University Of Rajasthan Central University Of Rajasthan 07/03/2012 310.00   340.068 M98S 5511 21/11/2024   02/09/2020 Books  
        Central University Of Rajasthan Central University Of Rajasthan 07/03/2012 310.00   340.068 M98S 5512 02/09/2020   02/09/2020 Books 24/09/2014